| 000 | 00582nam a2200217Ia 4500 | ||
|---|---|---|---|
| 003 | OSt | ||
| 005 | 20220928140759.0 | ||
| 006 | a|||||r|||| 00| 0 | ||
| 007 | ta | ||
| 008 | 220927b |||||||| |||| 00| 0 eng d | ||
| 024 | _a11822 | ||
| 037 | _cTextual | ||
| 040 |
_aSDCL _cSDCL _beng |
||
| 041 |
_2eng _aeng |
||
| 082 | _aV1'N, N8 | ||
| 100 |
_aMatustik Martin J Beck _9497618 |
||
| 245 | 0 |
_aSpecters of liberation _bGreat refusals in the new world order |
|
| 260 | _c1998 | ||
| 942 |
_hV1'N, N8 _cTEXL _2CC |
||
| 999 |
_c814240 _d814240 |
||